[Event "Brasschaat op 15th"]
[Site "Brasschaat"]
[Date "2015.08.17"]
[Round "3"]
[White "De Smet, Karl B"]
[Black "Dauw, Sterre"]
[Result "1-0"]
[WhiteElo "1649"]
[BlackElo "1366"]
[PlyCount "75"]
[EventDate "2015.08.15"]
[EventType "swiss"]
[EventRounds "9"]
[EventCountry "BEL"]
[SourceTitle "EXT 2016"]
[Source "ChessBase"]
[SourceDate "2015.10.08"]
[SourceVersion "1"]
[SourceVersionDate "2015.10.08"]
[SourceQuality "1"]

1. d4 Nf6 2. c4 g6 3. g3 Bg7 4. Bg2 0-0 5. Nf3 d6 6. 0-0 Nbd7 7. Nc3 e5 8. e3 Re8 9. h3 c6 10. b3 a6 11. Bb2 b5 12. cxb5 axb5 13. dxe5 dxe5 14. Qc2 Bb7 15. Rfd1 Qc8 16. b4 Nb6 17. Nd2 Nfd7 18. Rac1 f5 19. Qb3+ Kh8 20. Nxb5 Bf8 21. Nf3 Ra4 22. Nd6 Bxd6 23. Rxd6 Qa8 24. a3 c5 25. Qf7 Rf8 26. Qe7 Re8 27. Qh4 Bxf3 28. Bxf3 Qxf3 29. Rxg6 Rf8 30. Rh6 Rf7 31. Qd8+ Rf8 32. Bxe5+ Kg8 33. Qg5+ Kf7 34. Rxh7+ Ke6 35. Qe7+ Kd5 36. Qd6+ Ke4 37. Rh4+ f4 38. Bxf4 1-0